Introduction to the common marine Zooplankton of Peninsular Malaisia

Gespeichert in:
Bibliographische Detailangaben
1. Verfasser: Arvin, P. L.
Format: Buch
Sprache:Undetermined
Veröffentlicht: Malaysia Division of Fisheries and Marine Science 1977
Schlagworte:
Tags: Tag hinzufügen
Keine Tags, Fügen Sie den ersten Tag hinzu!
Thư viện lưu trữ: Trung tâm Học liệu Trường Đại học Cần Thơ
LEADER 00623nam a2200205Ia 4500
001 CTU_150294
008 210402s9999 xx 000 0 und d
082 |a 592.1776 
082 |b A795 
100 |a Arvin, P. L. 
245 0 |a Introduction to the common marine Zooplankton of Peninsular Malaisia 
245 0 |c P. L. Arvin 
260 |a Malaysia 
260 |b Division of Fisheries and Marine Science 
260 |c 1977 
650 |a Fish-culture,Fishes,Freshwater fishes 
650 |x Environmental aspects,Control 
650 |z Malaysia 
904 |i Giang 
980 |a Trung tâm Học liệu Trường Đại học Cần Thơ